Geography by Pictures (Medium-Hard) - P - Statistics

General Stats
  • This quiz has been taken 82 times
  • The average score is 6 of 14
Answer Stats
Picture Hint Answer % Correct
Capital City of Cambodia Phnom Penh
90%
Landmark in Italy Pantheon
84%
City in Italy Palermo
80%
Mountain Range in Europe The Pyrenees
75%
River in South America Parana River
57%
Caribbean Island Puerto Rico
45%
City in Poland Poznan
41%
Peninsula in Greece Peloponnese (Peloponnesus)
35%
The Philippines Island Palawan
26%
Lake in the U.S. Lake Pontchartrain
25%
City in Thailand Pattaya
25%
Landmark in China (Tibet) Potala Palace
25%
Mountain in Indonesia Puncak Jaya (Carstensz Pyramid)
20%
State of Malaysia Penang
19%
No matching quizzes found
Score Distribution
Percent of People with Each Score
Percentile by Number Answered
Your Score History
You have not taken this quiz